000 00559nam a2200217Ia 4500
005 20250923150354.0
008 008 250917s9999 xx 000 0 eng d
037 _aTextual
040 _aDSWL
_beng
_cDSWL
041 _aeng
_2eng
084 _aY:f, P5
_qDSWL
100 _aLal Das, D K
_9845235
245 0 _aDegine of Social research
_cby D K Lal Das
260 _aJaipur
_bRawat Pub.
_c2011
300 _a318 p.
365 _aINR
_b650
650 _a DK
_9845236
925 _g650
942 _cTEXL
_hY:f, P5
999 _c1462752
_d1462752